000 00509nam a2200145Ia 4500
008 181022s9999 xx 000 0 und d
020 _a9789719808626
100 _aClaudio, Lisandro E.
245 _cLisandro E. Claudio, Patricio N. Abinales.--
_aThe Contemporary world /
260 _aQuezon City :
_bC & E publishing, Inc.
_c2018
300 _axii, 182 pages :
_billustrations ;
_c22 cm.
500 _aIncludes bibliographical references and index.
650 _aGlobalization.
650 _aWorld Economics.
999 _c359257
_d359257